LIBRARY & INFORMATION CENTRE, KCAET, TAVANUR

ONLINE PUBLIC ACCESS CATALOGUE (OPAC)

Third five year plan (Record no. 7915)

MARC details
000 -LEADER
fixed length control field 00334cam a2200145ua 4500
003 - CONTROL NUMBER IDENTIFIER
control field OSt
008 - FIXED-LENGTH DATA ELEMENTS--GENERAL INFORMATION
fixed length control field 221107b |||||||| |||| 00| 0 eng d
041 ## - LANGUAGE CODE
Language code of text/sound track or separate title eng
082 ## - DEWEY DECIMAL CLASSIFICATION NUMBER
Classification number 338.9
Item number PLA/TH
245 ## - TITLE STATEMENT
Title Third five year plan
260 ## - PUBLICATION, DISTRIBUTION, ETC. (IMPRINT)
Place of publication Kerala :
Name of publisher Govt. of Kerala ,
Year of publication 1965.
300 ## - PHYSICAL DESCRIPTION
Number of Pages 185 ; .
500 ## - GENERAL NOTE
General note **Reference
942 ## - ADDED ENTRY ELEMENTS (KOHA)
Koha item type Books
Holdings
Withdrawn status Lost status Damaged status Home library Current library Date acquired Full call number Accession Number Koha item type Public note
Withdrawn     KAUAET Malayalam University 07/04/2012 330.20684 PLA/TH 7146 Reference Transferred to Malayalam University
Withdrawn     KAUAET Sanskrit University 07/04/2012 330.20684 PLA/TH 7147 Books Transferred to Sanskrit University
free website counter